Linie Lotnicze według Państwa - Statystyki

Ogólne statystyki
  • Ten quiz został rozwiązany 74 razy
  • Średni wynik to 13 z 24
Statystyki odpowiedzi
Linia Lotnicza Państwo % Poprawnych
Lufthansa Niemcy
98%
Ryanair Irlandia
94%
Iberia Hiszpania
92%
KLM Holandia
89%
LOT Polska
89%
Delta Stany Zjednoczone
82%
Emirates Zjednoczone Emiraty Arabskie
81%
Qantas Australia
74%
Aeroflot Rosja
71%
ITA Airways Włochy
66%
All Nippon Japonia
61%
TAP Portugalia
55%
Aegean Grecja
48%
Virgin Atlantic Wielka Brytania
48%
El Al Izrael
47%
Gol Brazylia
32%
LATAM Chile
32%
Cathay Pacific Chiny
32%
Gulf Air Bahrajn
24%
Cebu Pacific Filipiny
23%
WestJet Kanada
23%
Avianca Kolumbia
21%
Lion Air Indonezja
19%
Air Asia Malezja
18%
Nie znaleziono quizów pasujących do podanych kryteriów
Rozkład punktacji
Procent ludzi z każdym wynikiem
Percentyl według liczby udzielonych odpowiedzi
Twoja historia wyników
Nie rozwiązałeś tego quizu